| 000 | 00834nam a22002177a 4500 | ||
|---|---|---|---|
| 999 |
_c10201 _d10201 |
||
| 003 | AR-CdUCM | ||
| 008 | 190329b ||||| |||| 00| 0 spa d | ||
| 020 | _a978-84-683-0702-2 | ||
| 040 |
_aMUNICIPALIDAD PROVINCIAL DEL CUSCO _cBIBLIOTECA MUNICIPAL DEL CUSCO |
||
| 041 | _hspa | ||
| 082 |
_24ed. _aES / 803 /C22 _bC22 |
||
| 100 |
_aCampoy, Ana _926914 |
||
| 245 |
_aLas aventuras de Alfred & Agatha : _bel pianista que sabía demasiado / |
||
| 260 |
_aEspaña : _bEdebé, _c2012. |
||
| 300 |
_a318 páginas ; _c21 cm. |
||
| 505 | _aContenido: La medalla del ciudadano -- La tierra de las oportunidades -- Preparativos de viaje -- Llegada a Nueva York -- Una extraña enfermedad -- Panico en la escena ... | ||
| 650 |
_aLiteratura infantil _9588 |
||
| 650 |
_aSiglo XXI _92856 |
||
| 942 |
_2ddc _cLIBROS |
||
| 945 |
_apjha _d2019-05-14 |
||